000 01824cam a2200169 4500500
005 20260405085448.0
041 _afre
042 _adc
100 1 0 _aConchon, Anne
_eauthor
700 1 0 _aMaes, Bruno
_eauthor
700 1 0 _aParesys, Isabelle
_eauthor
700 1 0 _aMuchembled, Robert
_eauthor
245 0 0 _aDictionnaire de l'Ancien Régime
260 _bArmand Colin,
_c2004.
520 _aPeuplée de 80% de paysans dans des frontières qui tendent à devenir celles d'aujourd'hui, sous un régime politique qualifié de monarchie absolue, la France de l'Ancien Régime nous a légué d'importants héritages. Ce dictionnaire s'adresse à tous ceux qui entreprennent des études historiques, artistiques ou littéraires concernant la France des XVIe, XVIIe et XVIIIe siècles. Il est également destiné à tous ceux qui s'intéressent à cette époque. Son objectif est de définir les notions essentielles que l'on peut rencontrer au détour d'un cours, d'une lecture ou de la consultation de documents d'époque. Il offre un outil de travail essentiel grâce à des définitions claires et synthétiques tenant compte du dernier état de la connaissance. Les thèmes développés concernent aussi bien la société (cour, paysans, privilèges...), la culture et les mentalités (académies, enseignement, sexualité...), la religion (pèlerinages, jansénisme, diable...), la population (registres paroissiaux, crises démographiques, famille...), l'économie (travail, transports, physiocratie...), les finances (impôts, chambres des comptes, tontines...), les sciences et techniques (médecine, astronomie, ingénieur...), que la monarchie (absolutisme, parlements, intendant...).
856 4 1 _uhttps://shs.cairn.info/dictionnaire-de-l-ancien-regime--9782200263119?lang=fr&redirect-ssocas=7080
999 _c2197750
_d2197750